000 00379nam a2200121Ia 4500
008 220620s9999||||xx |||||||||||||| ||und||
245 0 _aGangrene
_bCurrent Concepts and Management Options
546 _aEnglish[eng]
650 _aVascular surgery
700 _aVitin, Alexander
856 _uhttps://mts.intechopen.com/storage/books/363/authors_book/authors_book.pdf
942 _cEB
999 _c23582
_d23582